00487nam a2200169Ia 4500003000900000008004100009020001800050040001600068080001900084100001500103245009000118250001200208260002600220300001000246650004100256650002000297IN-BaIIA211028s9999 xx 000 0 eng d a0-00-211910-2 cIIA Library a502.7(54)bGEE aGee, E. P. 4aThe wild life of IndiacE. P. Gee  a2nd ed. aLondonbCollinsc1975 a192p. aAstronomy and astrophysics thesaurus aWild life India